[Event "AUT-chT 1415"]
[Site "Austria"]
[Date "2014.11.20"]
[Round "1.5"]
[White "Schneider, Ilja"]
[Black "Rapport, Richard"]
[Result "1-0"]
[WhiteElo "2487"]
[BlackElo "2718"]
[PlyCount "57"]
[EventDate "2014.11.20"]
[EventType "team-tourn"]
[EventRounds "11"]
[EventCountry "AUT"]
[SourceTitle "CBM 163 Extra"]
[Source "ChessBase"]
[SourceDate "2014.12.23"]
[SourceVersion "1"]
[SourceVersionDate "2014.12.23"]
[SourceQuality "1"]
[WhiteTeam "Wulkaprodersdorf"]
[BlackTeam "Maria Saal"]
[WhiteTeamCountry "AUT"]
[BlackTeamCountry "AUT"]

1. d4 d5 2. c4 e6 3. Nf3 Nf6 4. g3 Be7 5. Bg2 Ne4 6. O-O f5 7. Nc3 c6 8. Ne5
Nd7 9. Nxd7 Bxd7 10. Nxe4 fxe4 11. f3 exf3 12. Rxf3 dxc4 13. Qc2 Bf6 14. Qxc4
Qb6 15. Be3 Qxb2 16. Rff1 Qa3 17. Bd2 b5 18. Qc1 Bxd4+ 19. e3 Bb2 20. Qe1 Bxa1
21. Qxa1 Rf8 22. Rc1 Qd3 23. Bb4 Rf6 24. Kh1 Rd8 25. Qe5 Kf7 26. Qh5+ Kg8 27.
Rd1 Qc2 28. Be7 Be8 29. Rxd8 1-0

[Event "AUT-chT 1516"]
[Site "Austria"]
[Date "2015.11.05"]
[Round "1.1"]
[White "Bindrich, Falko"]
[Black "Schneider, Ilja"]
[Result "0-1"]
[WhiteElo "2590"]
[BlackElo "2481"]
[PlyCount "80"]
[EventDate "2015.11.05"]
[EventType "team-tourn"]
[EventRounds "11"]
[EventCountry "AUT"]
[SourceTitle "CBM 169 Extra"]
[Source "ChessBase"]
[SourceDate "2015.12.18"]
[SourceVersion "1"]
[SourceVersionDate "2015.12.18"]
[SourceQuality "1"]
[WhiteTeam "Hohenems"]
[BlackTeam "Wulkaprodersdorf"]
[WhiteTeamCountry "AUT"]
[BlackTeamCountry "AUT"]

1. d4 d5 2. c4 c6 3. Nf3 Nf6 4. Nc3 a6 5. c5 Nbd7 6. Bf4 Nh5 7. e3 g6 8. Be2
Bg7 9. O-O O-O 10. Qd2 f6 11. Bg3 Nxg3 12. hxg3 e5 13. b4 e4 14. Ne1 f5 15. a4
g5 16. f4 exf3 17. Nxf3 Qe7 18. Rae1 h6 19. Bd3 Nf6 20. Ne5 Ne4 21. Ng6 Qe8 22.
Bxe4 Qxg6 23. Bc2 h5 24. b5 axb5 25. axb5 Bh6 26. Ra1 Bd7 27. Bd3 Rxa1 28. Rxa1
Qe6 29. Rf1 g4 30. Nd1 cxb5 31. Bc2 Kg7 32. Re1 Bg5 33. Nb2 Re8 34. Kf2 h4 35.
gxh4 Bxh4+ 36. g3 f4 37. gxh4 g3+ 38. Ke2 f3+ 39. Kd3 f2 40. Rc1 b4 0-1

[Event "AUT-chT 1516"]
[Site "Austria"]
[Date "2015.11.07"]
[Round "3.1"]
[White "Bromberger, Stefan"]
[Black "Schneider, Ilja"]
[Result "0-1"]
[WhiteElo "2532"]
[BlackElo "2481"]
[PlyCount "116"]
[EventDate "2015.11.05"]
[EventType "team-tourn"]
[EventRounds "11"]
[EventCountry "AUT"]
[SourceTitle "CBM 169 Extra"]
[Source "ChessBase"]
[SourceDate "2015.12.18"]
[SourceVersion "1"]
[SourceVersionDate "2015.12.18"]
[SourceQuality "1"]
[WhiteTeam "Salzburg Royal"]
[BlackTeam "Wulkaprodersdorf"]
[WhiteTeamCountry "AUT"]
[BlackTeamCountry "AUT"]

1. d4 d5 2. c4 c6 3. Nc3 Nf6 4. Nf3 a6 5. a4 e6 6. Bg5 a5 7. e3 Be7 8. Be2 Na6
9. O-O O-O 10. Qb3 Nb4 11. Na2 Na6 12. h3 Ne4 13. Bxe7 Qxe7 14. Rac1 Rd8 15.
Bd3 Nd6 16. c5 Nf5 17. Rfe1 Nh4 18. Nxh4 Qxh4 19. Qb6 Nb8 20. Qc7 Nd7 21. b4
axb4 22. a5 b3 23. Nb4 Nb8 24. Rb1 Re8 25. a6 Qe7 26. axb7 Bxb7 27. Qxe7 Rxe7
28. Rxb3 Bc8 29. e4 Kf8 30. Reb1 Rb7 31. f4 f5 32. exf5 exf5 33. Bc2 Be6 34.
Nd3 Rxb3 35. Rxb3 Nd7 36. Nb4 Nb8 37. Kf2 Ke7 38. Nd3 Nd7 39. Rb7 Kd8 40. Ke3
Ra2 41. Kd2 Ra1 42. Bb1 Ra4 43. Kc3 Rc4+ 44. Kb2 Rxd4 45. Nb4 Kc8 46. Nxc6 Rd2+
47. Kc3 Kxb7 48. Nd8+ Kc8 49. Nxe6 Rxg2 50. Bxf5 g6 51. Bd3 Kb7 52. Kd4 Rd2 53.
Nd8+ Kc8 54. Ne6 Rd1 55. c6 Nb8 56. Nf8 Nxc6+ 57. Kc3 d4+ 58. Kc4 Rc1+ 0-1

[Event "BL2-Nord 1617"]
[Site "Germany"]
[Date "2016.12.04"]
[Round "3.1"]
[White "Schneider, Ilja"]
[Black "Werle, Jan"]
[Result "1-0"]
[WhiteElo "2504"]
[BlackElo "2560"]
[PlyCount "129"]
[EventDate "2016.10.16"]
[EventType "team-tourn"]
[EventRounds "9"]
[EventCountry "GER"]
[SourceTitle "EXT 2018"]
[Source "ChessBase"]
[SourceDate "2017.10.13"]
[SourceVersion "1"]
[SourceVersionDate "2017.10.13"]
[SourceQuality "1"]
[WhiteTeam "Lister Turm"]
[BlackTeam "Werder Bremen II"]
[WhiteTeamCountry "GER"]
[BlackTeamCountry "GER"]

1. Nf3 Nf6 2. g3 e6 3. c4 d5 4. d4 Be7 5. Bg2 O-O 6. O-O dxc4 7. Qc2 a6 8. a4
Bd7 9. Qxc4 Bc6 10. Bf4 a5 11. Nc3 Na6 12. Rfd1 Nb4 13. Rac1 Nfd5 14. Ne5 Nxf4
15. gxf4 Bxg2 16. Kxg2 c6 17. e3 Kh8 18. Ne4 Qe8 19. Kh1 Rd8 20. Qe2 f6 21. Nc4
Rd5 22. Rg1 Rg8 23. Rg3 Bd8 24. Rcg1 g6 25. Nc3 Rd7 26. h4 Rdg7 27. Qf3 Bc7 28.
Ne4 Nd5 29. Nc5 b6 30. Nd3 Ne7 31. Rh3 Nf5 32. Nd2 Qd7 33. Ne4 Rf8 34. h5 gxh5
35. Qxh5 Rxg1+ 36. Kxg1 Rg8+ 37. Kf1 Bd8 38. b4 axb4 39. a5 bxa5 40. Ndc5 Qa7
41. Nxe6 b3 42. Qxf5 b2 43. N4c5 Bb6 44. Ke2 Bxc5 45. Nxc5 Rg1 46. Rg3 Rxg3 47.
fxg3 Qf7 48. Qb1 Qh5+ 49. Kd3 Qh2 50. Qc2 Qxg3 51. Qxb2 h5 52. d5 Qg6+ 53. Ne4
cxd5 54. Qxf6+ Kh7 55. Qxg6+ Kxg6 56. Nc3 h4 57. Ke2 h3 58. Kf3 h2 59. Kg2 Kf5
60. Nxd5 Ke4 61. Nc3+ Kxe3 62. f5 Kd4 63. f6 Kxc3 64. f7 a4 65. f8=Q 1-0

[Event "Bundesliga 1718"]
[Site "Germany"]
[Date "2017.10.22"]
[Round "2.5"]
[White "Schneider, Ilja"]
[Black "Lampert, Jonas"]
[Result "1-0"]
[WhiteElo "2504"]
[BlackElo "2500"]
[PlyCount "69"]
[EventDate "2017.10.21"]
[EventType "team-tourn"]
[EventRounds "15"]
[EventCountry "GER"]
[SourceTitle "CBM 181"]
[Source "ChessBase"]
[SourceDate "2017.11.10"]
[SourceVersion "1"]
[SourceVersionDate "2017.11.10"]
[SourceQuality "1"]
[WhiteTeam "Berlin SF"]
[BlackTeam "Hamburger SK"]
[WhiteTeamCountry "GER"]
[BlackTeamCountry "GER"]

1. d4 d5 2. c4 c6 3. Nf3 Nf6 4. e3 Bg4 5. cxd5 cxd5 6. Qb3 Bxf3 7. Qxb7 Bxg2 8.
Bxg2 Nbd7 9. Nc3 e6 10. Bd2 Be7 11. Nb5 O-O 12. a4 Qc8 13. Qxc8 Rfxc8 14. Rc1
Rxc1+ 15. Bxc1 Rc8 16. Bd2 Rc2 17. Nxa7 Rxb2 18. a5 Nb8 19. Bc3 Rb7 20. Nc8 Bd8
21. Kd2 Nc6 22. a6 Rb8 23. Nd6 Na5 24. Rb1 Ra8 25. Bf1 Nd7 26. Bb5 Nb8 27. Kd3
Kf8 28. Bb4 Be7 29. Bc5 Nbc6 30. Bxc6 Nxc6 31. Rb6 Nd8 32. Nb5 Bxc5 33. dxc5
Ke7 34. a7 Kd7 35. Rb8 1-0